|
|
|
|
| LEADER |
00000nam0a2200000 4500 |
| 001 |
319174 |
| 005 |
20231102003144.0 |
| 035 |
|
|
|a (RuTPU)RU\TPU\book\344679
|
| 090 |
|
|
|a 319174
|
| 100 |
|
|
|a 20160521d1917 km y0rusy50 ca
|
| 101 |
0 |
|
|a rus
|
| 102 |
|
|
|a RU
|
| 105 |
|
|
|a a z 000zy
|
| 200 |
1 |
|
|a Примеры расчета деревянных мостов
|f Е. О. Патон
|
| 205 |
|
|
|a 4-е изд., испр. и доп.
|
| 210 |
|
|
|a Киев
|c [Б. и.]
|d 1917
|
| 215 |
|
|
|a 144 с.
|c ил.
|
| 606 |
1 |
|
|a Мосты
|2 stltpush
|3 (RuTPU)RU\TPU\subj\44505
|9 63821
|
| 610 |
1 |
|
|a мостостроение
|
| 610 |
1 |
|
|a деревянные мосты
|
| 610 |
1 |
|
|a расчеты
|
| 610 |
1 |
|
|a железнодорожные мосты
|
| 610 |
1 |
|
|a сваи
|
| 610 |
1 |
|
|a сваи
|
| 610 |
1 |
|
|a нагрузки
|
| 610 |
1 |
|
|a подкрановые балки
|
| 610 |
1 |
|
|a фермы
|
| 610 |
1 |
|
|a примеры
|
| 675 |
|
|
|a 624.21
|v 4
|
| 700 |
|
1 |
|a Патон
|b Е. О.
|c советский ученый
|c специалист в области электросварки и мостостроения
|f 1870-1953
|g Евгений Оскарович
|2 stltpush
|3 (RuTPU)RU\TPU\pers\23477
|9 10235
|
| 801 |
|
1 |
|a RU
|b 63413507
|c 20160521
|
| 801 |
|
2 |
|a RU
|b 63413507
|c 20200623
|g RCR
|
| 942 |
|
|
|c BK
|